| 000 -LEADER |
| fixed length control field |
01291cam a2200349 i 4500 |
| 001 - CONTROL NUMBER |
| control field |
.b18581353 |
| 003 - CONTROL NUMBER IDENTIFIER |
| control field |
OCoLC |
| 005 - DATE AND TIME OF LATEST TRANSACTION |
| control field |
20230822090434.0 |
| 008 - FIXED-LENGTH DATA ELEMENTS--GENERAL INFORMATION |
| fixed length control field |
160908s2014 enka 000 0 eng d |
| 020 ## - INTERNATIONAL STANDARD BOOK NUMBER |
| International Standard Book Number |
9780230463417 |
| Qualifying information |
paperback |
| 035 ## - SYSTEM CONTROL NUMBER |
| System control number |
.b18581353 |
| 040 ## - CATALOGING SOURCE |
| Original cataloging agency |
NUKAT |
| Language of cataloging |
eng |
| Description conventions |
rda |
| Transcribing agency |
NUKAT |
| Modifying agency |
H2K |
| -- |
HkLN |
| -- |
NKFUST |
| -- |
KH8 |
| 042 ## - AUTHENTICATION CODE |
| Authentication code |
nbic |
| 082 0# - DEWEY DECIMAL CLASSIFICATION NUMBER |
| Classification number |
428.34 PRE |
| Item number |
P933 |
| 100 1# - MAIN ENTRY--PERSONAL NAME |
| Personal name |
Preshous, Joanna, |
| Relator term |
author. |
| 245 10 - TITLE STATEMENT |
| Title |
Listening & speaking for IELTS 6.0-7.5 : |
| Remainder of title |
with answer key / |
| Statement of responsibility, etc. |
Joanna Preshous. |
| 246 1# - VARYING FORM OF TITLE |
| Display text |
At head of title: |
| Title proper/short title |
Improve your skills. |
| 260 ## - PUBLICATION, DISTRIBUTION, ETC. |
| Place of publication, distribution, etc. |
London : |
| Name of publisher, distributor, etc. |
Macmillan Education, |
| Date of publication, distribution, etc. |
2014. |
| 264 #1 - PRODUCTION, PUBLICATION, DISTRIBUTION, MANUFACTURE, AND COPYRIGHT NOTICE |
| Place of production, publication, distribution, manufacture |
London : |
| Name of producer, publisher, distributor, manufacturer |
Macmillan Education, |
| Date of production, publication, distribution, manufacture, or copyright notice |
2014. |
| 300 ## - PHYSICAL DESCRIPTION |
| Extent |
117 pages : |
| Other physical details |
color illustrations ; |
| Dimensions |
27 cm. + |
| Accompanying material |
2 sound discs (4 3/4 in.) |
| 336 ## - CONTENT TYPE |
| Materials specified |
Accompanying CD: |
| Content type term |
spoken word |
| Source |
rdacontent. |
| 336 ## - CONTENT TYPE |
| Materials specified |
Book: |
| Content type term |
text |
| Source |
rdacontent. |
| 337 ## - MEDIA TYPE |
| Materials specified |
Accompanying CD: |
| Media type term |
audio |
| Source |
rdamedia. |
| 337 ## - MEDIA TYPE |
| Materials specified |
Book: |
| Media type term |
unmediated |
| Source |
rdamedia. |
| 338 ## - CARRIER TYPE |
| Materials specified |
Accompanying CD: |
| Carrier type term |
audio disc |
| Source |
rdacarrier. |
| 338 ## - CARRIER TYPE |
| Materials specified |
Book: |
| Carrier type term |
volume |
| Source |
rdacarrier. |
| 490 0# - SERIES STATEMENT |
| Series statement |
Improve your skills. |
| 505 0# - FORMATTED CONTENTS NOTE |
| Formatted contents note |
CD 1: Units 1-5 -- CD 2: Units 6-10. |
| 650 #0 - SUBJECT ADDED ENTRY--TOPICAL TERM |
| Topical term or geographic name entry element |
English language |
| Form subdivision |
Textbooks for foreign speakers. |
| 650 #0 - SUBJECT ADDED ENTRY--TOPICAL TERM |
| Topical term or geographic name entry element |
International English Language Testing System. |
| 942 ## - ADDED ENTRY ELEMENTS (KOHA) |
| Source of classification or shelving scheme |
|
| Koha item type |
Teaching Resources |